LEADER 01635nlm0 22004811i 450 001 990009248860403321 010 $a9783540692621 035 $a000924886 035 $aFED01000924886 035 $a(Aleph)000924886FED01 035 $a000924886 100 $a20100926d2007----km-y0itay50------ba 101 0 $aeng 102 $aDE 135 $adrnn-008mamaa 200 1 $aGrid Computing$bRisorsa elettronica$eExperiment Management, Tool Integration, and Scientific Workflows$fby Radu Prodan, Thomas Fahringer 210 $aBerlin ; Heidelberg$cSpringer$d2007 225 1 $aLecture Notes in Computer Science$x0302-9743$v4340 230 $aDocumento elettronico 336 $aTesto 337 $aFormato html, pdf 700 1$aProdan,$bRadu$0508817 701 1$aFahringer,$bThomas$0508818 801 0$aIT$bUNINA$gREICAT$2UNIMARC 856 4 $zFull text per gli utenti Federico II$uhttp://dx.doi.org/10.1007/978-3-540-69262-1 901 $aEB 912 $a990009248860403321 961 $aComputer Communication Networks 961 $aComputer Communication Networks 961 $aComputer science 961 $aComputer Science 961 $aInformation Storage and Retrieval 961 $aInformation storage and retrieval systems 961 $aInformation systems 961 $aInformation Systems Applications (incl.Internet) 961 $aLogic design 961 $aLogics and Meanings of Programs 961 $aOperating Systems 961 $aOperating systems (Computers) 961 $aSoftware engineering 961 $aSoftware Engineering 996 $aGrid Computing$9771880 997 $aUNINA LEADER 00939nam0-22002891i-450- 001 990006452100403321 005 20001010 035 $a000645210 035 $aFED01000645210 035 $a(Aleph)000645210FED01 035 $a000645210 100 $a20001010d--------km-y0itay50------ba 101 0 $aita 105 $ay-------001yy 200 1 $a<>separatismo cavourniano$econgresso celebrativo del centenario delle leggi amministrative di unificazione$fGiuseppeCaputo$ga cura dell'Istituto per la Scienza dell'Amministrazione Pubblica I.S.A.P.-Milano Bozze di Stampa 210 $as.l.$cNeri Pozza$ds.d. 215 $a405 p.$d22 cm 676 $a945 700 1$aCaputo,$bGiuseppe$f<1936-1991>$076480 801 0$aIT$bUNINA$gRICA$2UNIMARC 901 $aBK 912 $a990006452100403321 952 $aBUSTA XIV B 1$b405$fFSPBC 959 $aFSPBC 996 $aSeparatismo cavourniano$9650742 997 $aUNINA DB $aGEN01 LEADER 01237nam a2200301 i 4500 001 991001126519707536 005 20020502184001.0 008 000113s1998 it ||| | ita 020 $a887802855X$c38000 035 $ab11467551-39ule_inst 035 $aPRUMB55397$9ExL 040 $aDUSS - Diploma Universitario in Servizio Sociale$bita 082 0 $a305.23509452 110 2 $aIARD$c$0250935 245 10$aEssere giovani in Lombardia :$buna generazione fra Italia ed Europa :$brapporto Regione Lombardia, IARD /$ca cura di Carlo Buzzi 260 $aMilano :$bGuerini e Associati,$c1998 300 $a209 p. ;$c24 cm. 500 $aIndagine realizzata dall'Associazione IARD per conto della Regione Lombardia 500 $aSegue: Appendice statistico-metodologica, di Antonella Volino 650 4$aGiovani$zLombardia$xInchieste 700 1 $aBuzzi, Carlo 710 2 $aLombardia 907 $a.b11467551$b06-09-16$c01-07-02 912 $a991001126519707536 945 $aLE024 SOC/D SR V 25$g1$i2024000018535$lle021$nex DUSS$o-$pE0.00$q-$rl$s- $t0$u0$v0$w0$x0$y.i1165658x$z01-07-02 996 $aEssere giovani in Lombardia$9516561 997 $aUNISALENTO 998 $ale021$b01-01-00$cm$da $e-$fita$git $h0$i1